Quiz sur les personnages de la France - Statistiques

Statistiques générales
  • Ce quiz a été pris 184 fois
  • Le résultat moyen est 5 sur 10
Statistiques - réponses
Question Réponse % Correct
Qui surnomma-t-on "la pucelle" ? Jeanne D'arc
87%
Qui a écrit le célèbre livre "Germinal" ? Emile Zola
86%
Qui ont inventé le procédé du cinéma ? Les frères Lumière
81%
Qui a peint "La liberté guidant le peuple" ? Eugène Delacroix
76%
Quel marquis a participé à la guerre d'indépendance des Etats-unis ? Le marquis de La Fayette
60%
Qui a écrit "Cyrano de Bergerac" ? Edmond Rostand
43%
Sous le règne de quel roi,a eu lieu le massacre de la Saint-Barthélemy ? Charles IX
29%
Qui a écrit "Sous le pont Mirabeau" ? Guillaume Apollinaire
26%
Sous l'impulsion de quel homme, l'esclavage fut abolit en France ? Victor Schoelcher
15%
Qui est la première femme à avoir passer le baccalauréat ? Julie-Victoire Daubié
6%
Aucun quiz correspondant
Distribution des résultats
% des personnes avec chaque résultat
Percentile par nombre de réponses
Votre historique - résultats
Vous n’avez pas pris ce quiz